Hirtelen halál [rövid hír]
Elmentve itt :
| Dokumentumtípus: | Cikk |
|---|---|
| Megjelent: |
1942-09-15
|
| Sorozat: | Délmagyarország
18 No. 208 |
| Kulcsszavak: | Kovács Lászlóné Kenderesi Katalin, Haláleset Szeged 1942, Szeged |
| Online Access: | http://dmarchiv.bibl.u-szeged.hu/41629 |
| LEADER | 00458nab a2200145 i 4500 | ||
|---|---|---|---|
| 001 | delm41629 | ||
| 005 | 20180927130013.0 | ||
| 008 | 180927s1942 hu o 0|| hun d | ||
| 040 | |a SZTE Délmagyarország Archívum |b hun | ||
| 041 | |a hun | ||
| 245 | 0 | 0 | |a Hirtelen halál |h [elektronikus dokumentum] : |b [rövid hír] |
| 260 | |c 1942-09-15 | ||
| 300 | |a 6 | ||
| 490 | 0 | |a Délmagyarország |v 18 No. 208 | |
| 695 | |a Kovács Lászlóné Kenderesi Katalin, Haláleset Szeged 1942, Szeged | ||